| 000 | 00410nam a22001337a 4500 | ||
|---|---|---|---|
| 020 | _a0-07-004278-0 | ||
| 082 | _a620.105 BCE'V | ||
| 100 |
_aBEER, FERDINAND P,JOHNSTON, E. RUSSELL _956612 |
||
| 245 | _aVECTOR MECHANICS FOR ENGINEERS STATIC | ||
| 260 |
_aNEWYORK _bMCGRAW HILL _c1977 |
||
| 300 | _a448P | ||
| 650 |
_aMECHANICS APPLIED VECTOR ANALYSIS MECHANICS APPLIED PROBLEMS EXCERCISE _974717 |
||
| 942 | _cBK | ||
| 999 |
_c580215 _d580215 |
||